| 000 | 00437nam a2200145 i 4500 | ||
|---|---|---|---|
| 001 | 129185 | ||
| 003 | ES-MaACL | ||
| 007 | t| | ||
| 008 | 070607s1982 sp ||||1| spa d | ||
| 100 | 1 |
_aTello Valdivieso, Francisco. _9109660 |
|
| 245 | 1 | 0 |
_aAvances biológicos en neumología / _cFrancisco Tello Valdivieso. |
| 260 |
_aMadrid : _bPaz Montalvo, _c[1982] |
||
| 300 |
_a319 p. : _bil. ; _c24 cm. |
||
| 852 |
_aES-MaACL _jL-4420 _bR.104630 |
||
| 999 |
_c129185 _d129185 |
||